Piosenki Taco Hemingwaya po tekście - Statystyki

Ogólne statystyki
  • Ten quiz został rozwiązany 289 razy
  • Średni wynik to 11 z 20
Statystyki odpowiedzi
Hint Odpowiedź % Poprawnych
Wracam ekspresem do Warszawy Zostawiłem ją w hotelu, mówiąc, "Lecę, bo mam sprawy" Deszcz Na Betonie
85%
Chcę mieć duży dom, pełen cudzych żon, słyszysz? Tylko tobie mówię wprost, że ja lubię brnąć w cyfry Marmur
83%
Szukam cię po shot barach Z dziewczynami wyglądacie jakbyście były na Oscarach Marsz, marsz
83%
Białe wino kupione w Tesco, pierwsze miejsce na jakichś testach Ulicami niosłem się lekko, krzyki Krakowskiego Przedmieścia Nostalgia
81%
Wjechałem jak Conrado, o k****, jesteście cali? Słyszałem, że coś mruczysz, więc powiedz to reszcie sali Dele
77%
Rodzina się pewnie modli i tęskni Pewnie na pielgrzymce są u Matki Boskiej Licheńskiej Następna stacja
76%
Leci za Księciem, raz dwa. Już czeka na nich taksa. Napięcie ciągle wzrasta. Wsiada więc ta niewiasta. Wszystko jedno
72%
Jak położyłeś rękę na rodzinie, no i wracasz z lasu w gaciach No to ciesz się z tego, że w ogóle wracasz Miałeś jakieś lęki? Brałeś jakieś leki? Europa
69%
Gdy nie wiem jak rozpocząć mam drugą zwrotkę Gdy typy śpiewają o Legii pod oknem Fiji
67%
Wyższe o pół głowy, irokez żelowy Proszę ją do tańca, bo się zaczął wolny Całe lata
60%
Dzwoni Jan mówi, "Patrz co się działo" Leciał nasz track sprawdź parę flach się przelało (wydanie z otso) Tak to leciało!
60%
Chamy coś huczą na ciemnego druha, by mówił po polsku (ayy) Potem się drą na DJ'a by nie grał Bediego, bo ma tu być oldschool Człowiek z dziurą zamiast krtani
58%
Keep it one hundred, ziomek leje setkę Lej, lej, lej, lej Wynalazca wódki niech się smaży w piekle Codziennie
48%
Milczenie jest złotem, ale me głupoty platynowe są Więc przelałem na sieroty parę kafli Cafe Belga
45%
Myślisz szwindel pieprzony, ale musisz stać, mówić: "proszę PIN i zielony" Licencjaty oraz inne dyplomy, żeby teraz stać, mówić: "proszę PIN i zielony" Szczękościsk
42%
Być może stanę się ambasadorem Prady czy Żabki - to obojętne Nie będę głodował nigdy, dopóki są znane im japy potrzebne eineceiwśo-008-1
38%
Kropla wina na pościeli, znowu męczy kac Szukam jutra, ale wczoraj znowu dręczy w snach Visa
38%
Nowy, Bangkok, tańczę polskie, tango Gdy odwiedzam, Paryż, jestem młody, Brando Sztylet
27%
Ciągle ginę, THC w mojej żyle Mokry dres, młoda krew, ale ponoć nie zabiłem cię, nie Sine pręty na ciele, zimne ręce na kierę WWA nie Berlin
23%
Znowu nic nie czuję, się kręcę pod blokiem Robię tysiąc fotek, jakbym był robotem Wszędzie kasa kotek, znów robię robotę C3PO
12%
Nie znaleziono quizów pasujących do podanych kryteriów
Rozkład punktacji
Procent ludzi z każdym wynikiem
Percentyl według liczby udzielonych odpowiedzi
Twoja historia wyników
Nie rozwiązałeś tego quizu